[Event "Dvorkovich Memorial Rapid 2018"]
[Site "Taganrog"]
[Date "2018.01.13"]
[Round "3.17"]
[White "Milushev, Oleg"]
[Black "Kharchenko, Boris"]
[Result "0-1"]
[WhiteElo "2229"]
[BlackElo "2464"]
[Annotator "TA"]
[PlyCount "78"]
[EventDate "2018.??.??"]
[EventType "swiss"]
[EventCountry "RUS"]
[SourceTitle "playchess.com"]
[Source "ChessBase"]
[SourceQuality "1"]

{[%evp 17,78,10,5,8,10,-29,0,-65,-36,-104,-75,-158,-148,-184,-205,-195,-190,-189,-187,-196,-210,-189,-195,-228,-234,-244,-257,-246,-243,-238,-227,-245,-247,-312,-302,-489,-492,-470,-465,-525,-526,-563,-557,-552,-549,-643,-637,-841,-816,-885,-822,-963,-1018,-1035,-884,-822,0,-1042,-1041,-1033,-1033,-1014,-1000]} 1. d4 d5 2. c4 c6 3. Nf3 Nf6 4. Nc3 dxc4 5. a4 Bf5 6. e3 e6 7. Bxc4 Bb4 8. O-O Nbd7 9. Qe2 Bg6 {LiveBook: 756 Games} 10. Na2 {D18: Slav Defence: 5 a4 Bf5 6 e3} (10. e4 O-O 11. Bd3 Bh5 12. e5 Nd5 13. Nxd5 cxd5 14. Qe3 Be7 15. Ng5 Bxg5 16. Qxg5 Bg6 17. Be2 Qxg5 18. Bxg5 Nb8 19. Rfc1 Nc6 20. Be3 Rfc8 21. Rc3 Ne7 22. a5 Rxc3 23. bxc3 {1-0 (54) Yu,Y (2738)-Ma,Q (2613) China 2016}) 10... Bd6 11. Bd2 Qe7 12. b4 $146 (12. Nc3 $11) ({Predecessor:} 12. Bc3 Bh5 13. e4 e5 14. h3 O-O 15. g4 Bg6 16. dxe5 Bxe5 17. Bd3 Rad8 18. Rad1 Rfe8 19. Nxe5 Nxe5 20. Bc2 Rxd1 21. Rxd1 Ned7 22. Bxf6 Nxf6 23. Nc3 {½-½ (23) Blackburn,J (2165)-Morris,C (2225) Cardiff 2004}) 12... O-O 13. Bc3 (13. Nh4 $15) 13... Ne4 14. Bb2 {[#]} (14. Bd3 $142) 14... Bh5 $1 $17 {Hoping for ...Ng5.} 15. Qd1 Bxf3 ({But not} 15... Bxb4 16. Bd3 $11) 16. Qxf3 Nd2 ({And not} 16... Qh4 17. g3 $11) 17. Qe2 Nxf1 $40 {[%mdl 128] Black wants a kill.} 18. Qxf1 e5 19. b5 exd4 20. bxc6 bxc6 {[%cal Bb7c6,Bc6c5][%mdl 32]} 21. Bxd4 Be5 22. Rd1 Bxd4 23. Rxd4 Ne5 24. Qc1 Rad8 25. Bf1 c5 26. Re4 $2 (26. Qa3 {was called for.}) 26... f5 $19 27. Rf4 g5 28. Rc4 Nxc4 29. Bxc4+ Kg7 30. Nc3 Qe5 31. a5 Rf6 32. Qb2 Rfd6 33. g3 {[#]} Rd1+ $1 34. Kg2 (34. Nxd1 Rxd1+) 34... R1d2 35. Qb7+ R8d7 36. Qc8 Rd8 ({Not} 36... Qxc3 37. Qg8+ Kh6 38. Qe6+ Kg7 39. Qg8+ Kh6 40. Qe6+ Kg7 41. Qg8+ $11) 37. Qb7+ $1 Kh8 {Black is clearly winning.} 38. Ne2 Qe4+ 39. Qxe4 fxe4 {Precision: White = 36%, Black = 83%.} 0-1

[Event "Dvorkovich Memorial Rapid 2018"]
[Site "Taganrog"]
[Date "2018.01.13"]
[Round "3.19"]
[White "Yermolenko, Vasily"]
[Black "Pogonina, Natalija"]
[Result "0-1"]
[WhiteElo "2245"]
[BlackElo "2478"]
[Annotator "TA"]
[PlyCount "39"]
[EventDate "2018.??.??"]
[EventType "swiss"]
[EventCountry "RUS"]
[SourceTitle "playchess.com"]
[Source "ChessBase"]
[SourceQuality "1"]

{[%evp 15,39,-5,8,-33,-9,-45,-36,-52,-20,-49,10,-39,-39,-193,-28,-85,-95,-993,211,-1186,-392,-1441,-45,-774,-774,-772]} 1. d4 Nf6 2. c4 e6 3. Nf3 d5 4. Nc3 Nbd7 5. Bg5 Be7 6. e3 O-O 7. Qc2 h6 8. Bxf6 Nxf6 9. Ne5 {D53: Queen's Gambit Declined: 4 Bg5 Be7: Early deviations} (9. c5 c6 10. Be2 b6 11. Na4 bxc5 12. Nxc5 Qa5+ 13. Qd2 Qxd2+ 14. Nxd2 Bxc5 15. dxc5 a5 16. O-O Ba6 17. Bxa6 Rxa6 {0-1 (30) Hoegener,C (2118)-Villegas,P (2309) Andorra la Vella 2017}) 9... a6 10. Rc1 $146 ({Predecessor:} 10. g4 dxc4 11. h4 Nd7 12. O-O-O Bxh4 13. f4 Qe7 14. Nf3 Bf6 15. g5 g6 16. gxf6 Nxf6 17. Rxh6 {1-0 (40) Wohlers Armas,F (2157)-Nagel,V (2043) Germany 2004}) 10... c5 11. cxd5 {Black is slightly better.} exd5 12. dxc5 Qc7 (12... d4 $15 13. Rd1 Bxc5) 13. Nd3 Bf5 14. b4 $2 {[#]} (14. Be2 $1 $15) 14... b6 $2 (14... d4 $1 $19 {[%cal Rd4c3][%mdl 512]} 15. exd4 Rad8) 15. Na4 (15. Be2 $1 $11 {remains equal.}) 15... bxc5 $17 16. Ndxc5 $2 {[%mdl 8192]} (16. Naxc5 $17 a5 17. a3) 16... a5 $4 {[%mdl 8192]} (16... Bxc2 $19 17. Rxc2 Rfb8) 17. a3 $4 {[%mdl 8192]} (17. Qxf5 $18 axb4 18. Nb3) 17... axb4 $2 (17... Bxc2 18. Rxc2 axb4) 18. axb4 $2 (18. Qxf5 Rxa4 19. Nd3) 18... Rfe8 $2 (18... Bxc2 $19 19. Bd3 Bxa4) 19. Nd3 $2 {[%mdl 8192]} (19. Qxf5 $15 Rxa4 20. Be2 (20. Bb5 Rxb4 21. Bxe8 Bxc5 $11)) 19... Qxc2 $19 20. Rxc2 {Precision: White =  1%, Black = 11%.} 0-1

[Event "Dvorkovich Memorial Rapid 2018"]
[Site "Taganrog"]
[Date "2018.01.14"]
[Round "3.21"]
[White "Kolmychek, Evelina"]
[Black "Ivlev, Aleksey"]
[Result "0-1"]
[WhiteElo "2013"]
[BlackElo "2300"]
[Annotator "ChessBase"]
[PlyCount "73"]
[EventDate "2018.??.??"]
[EventType "swiss"]
[EventCountry "RUS"]
[SourceTitle "playchess.com"]
[Source "ChessBase"]
[SourceQuality "1"]
[TimeControl "900+10"]

1. e4 {[%emt 0:15:00]} e5 {[%emt 0:15:10]} 2. Nf3 {[%emt 0:00:10]} Nc6 {[%emt 0:00:10]} 3. Bb5 {[%emt 0:00:00]} a6 {[%emt 0:00:00]} 4. Ba4 {[%emt 0:00:00]} Nf6 {[%emt 0:00:00]} 5. O-O {[%emt 0:00:30]} Be7 {[%emt 0:00:30]} 6. Re1 {[%emt 0:00:10]} b5 {[%emt 0:00:10]} 7. Bb3 {[%emt 0:00:10]} O-O {[%emt 0:00:10]} 8. c3 {[%emt 0:00:10]} d6 {[%emt 0:00:10]} 9. h3 {[%emt 0:00:10]} Nb8 {[%emt 0:00:10]} 10. d4 {[%emt 0:00:10]} Nbd7 {[%emt 0:00:10]} 11. Nbd2 {[%emt 0:00:10]} Bb7 {[%emt 0:00:10]} 12. Bc2 {[%emt 0:00:10]} Re8 {[%emt 0:00:10]} 13. Nf1 {[%emt 0:00:10]} Bf8 {[%emt 0:00:10]} 14. Ng3 {[%emt 0:00:10]} g6 {[%emt 0:00:10]} 15. Nh2 {[%emt 0:00:10]} Bg7 {[%emt 0:00:10]} 16. Ng4 {[%emt 0:00:10]} Nxg4 {[%emt 0:00:10]} 17. hxg4 {[%emt 0:00:10]} exd4 {[%emt 0:00:10]} 18. cxd4 {[%emt 0:00:10]} c5 {[%emt 0:00:10]} 19. d5 {[%emt 0:00:10]} Qh4 {[%emt 0:00:10]} 20. g5 {[%emt 0:00:10]} Bd4 {[%emt 0:00:10]} 21. Be3 {[%emt 0:00:10]} Bxe3 {[%emt 0:00:10]} 22. Rxe3 {[%emt 0:00:10]} Qxg5 {[%emt 0:00:10]} 23. Nf1 {[%emt 0:00:10]} Qf6 {[%emt 0:00:10]} 24. b3 {[%emt 0:00:10]} Ne5 {[%emt 0:00:10]} 25. a4 {[%emt 0:00:10]} b4 {[%emt 0:00:10]} 26. Ra2 {[%emt 0:00:10]} a5 {[%emt 0:00:10]} 27. Bb1 {[%emt 0:00:10]} Ba6 {[%emt 0:00:10]} 28. Rh3 {[%emt 0:00:10]} Rac8 {[%emt 0:00:10]} 29. Ne3 {[%emt 0:00:10]} c4 {[%emt 0:00:10]} 30. bxc4 {[%emt 0:00:10]} Bxc4 {[%emt 0:00:10]} 31. Rd2 {[%emt 0:00:10]} Ba6 {[%emt 0:00:10]} 32. f3 {[%emt 0:00:10]} Rc3 {[%emt 0:00:10]} 33. Kf2 {[%emt 0:00:10]} Rec8 {[%emt 0:00:10]} 34. Bc2 {[%emt 0:00:10]} Qf4 {[%emt 0:00:10]} 35. Nf1 {[%emt 0:00:10]} b3 {[%emt 0:00:10]} 36. Bxb3 {[%emt 0:00:10]} Rc1 {[%emt 0:00:10]} 37. Ke1 {[%emt 0:00:10]} 0-1

[Event "Dvorkovich Memorial Rapid 2018"]
[Site "Taganrog"]
[Date "2018.01.13"]
[Round "3.22"]
[White "Anikonov, Dmitry"]
[Black "Simonyan, Grigori"]
[Result "1/2-1/2"]
[WhiteElo "2407"]
[BlackElo "2075"]
[Annotator "NA"]
[PlyCount "204"]
[EventDate "2018.??.??"]
[EventType "swiss"]
[EventCountry "RUS"]
[SourceTitle "playchess.com"]
[Source "ChessBase"]
[SourceQuality "1"]
[TimeControl "900+10"]

1. d4 {[%emt 0:00:09]} d5 {[%emt 0:00:00]} 2. c4 {[%emt 0:00:11]} c6 {[%emt 0:00:00]} 3. Nc3 {[%emt 0:00:04]} dxc4 {[%emt 0:00:00]} 4. Nf3 {[%emt 0:00:08]} Nf6 {[%emt 0:00:22]} 5. g3 {[%emt 0:00:00]} b5 {[%emt 0:00:05]} 6. Bg2 {[%emt 0:00:00]} Bb7 {[%emt 0:00:01]} 7. Ne5 {[%emt 0:00:37]} a6 {[%emt 0:00:52]} 8. O-O {[%emt 0:00:40]} e6 {[%emt 0:00:00]} 9. a4 {[%emt 0:01:42]} Nd5 {[%emt 0:01:24]} 10. e4 {[%emt 0:00:50]} Nxc3 {[%emt 0:00:01]} 11. bxc3 {[%emt 0:00:11]} Nd7 {[%emt 0:00:32]} 12. f4 {[%emt 0:00:00]} Bd6 {[%emt 0:00:46]} 13. Rb1 {[%emt 0:01:16]} Qc7 {[%emt 0:01:11]} 14. Qg4 {[%emt 0:01:22]} O-O {[%emt 0:00:52]} 15. Nxd7 {[%emt 0:04:11]} Qxd7 {[%emt 0:00:00]} 16. f5 {[%emt 0:00:00]} exf5 {[%emt 0:00:02]} 17. Rxf5 {[%emt 0:00:37]} Kh8 {[%emt 0:02:54]} 18. Qf3 {[%emt 0:01:35]} Rae8 {[%emt 0:01:54]} 19. Be3 {[%emt 0:00:46]} c5 {[%emt 0:00:22]} 20. d5 {[%emt 0:00:05]} b4 {[%emt 0:00:44]} 21. e5 {[%emt 0:02:08]} Bxe5 {[%emt 0:00:22]} 22. Bxc5 {[%emt 0:00:00]} Bxc3 {[%emt 0:00:05]} 23. Bxf8 {[%emt 0:00:17]} Rxf8 {[%emt 0:00:11]} 24. Rf4 {[%emt 0:00:05]} Qc7 {[%emt 0:00:24]} 25. d6 {[%emt 0:00:32]} Qb6+ {[%emt 0:01:45]} 26. Qf2 {[%emt 0:00:00]} Qxf2+ {[%emt 0:00:06]} 27. Kxf2 {[%emt 0:00:05]} Bxg2 {[%emt 0:00:11]} 28. Kxg2 {[%emt 0:00:00]} Be5 {[%emt 0:00:30]} 29. Rxc4 {[%emt 0:00:00]} Bxd6 {[%emt 0:00:00]} 30. Rc6 {[%emt 0:00:04]} Be7 {[%emt 0:00:00]} 31. Rxa6 {[%emt 0:00:11]} Kg8 {[%emt 0:00:23]} 32. Ra7 {[%emt 0:00:17]} Bc5 {[%emt 0:00:00]} 33. Rc7 {[%emt 0:00:00]} Bd6 {[%emt 0:00:12]} 34. Rc6 {[%emt 0:00:20]} Be7 {[%emt 0:00:01]} 35. a5 {[%emt 0:00:00]} Ra8 {[%emt 0:00:30]} 36. a6 {[%emt 0:00:03]} g6 {[%emt 0:00:52]} 37. Rd1 {[%emt 0:00:26]} Ra7 {[%emt 0:00:37]} 38. Rb6 {[%emt 0:00:20]} Bc5 {[%emt 0:00:27]} 39. Rb5 {[%emt 0:00:21]} Bf8 {[%emt 0:00:22]} 40. Ra1 {[%emt 0:00:08]} Kg7 {[%emt 0:00:18]} 41. Rb7 {[%emt 0:00:00]} Ra8 {[%emt 0:00:01]} 42. Kf3 {[%emt 0:00:51]} Kf6 {[%emt 0:00:32]} 43. a7 {[%emt 0:00:50]} Bc5 {[%emt 0:00:04]} 44. Ke4 {[%emt 0:00:00]} b3 {[%emt 0:00:09]} 45. Ra6+ {[%emt 0:00:15]} Kg7 {[%emt 0:00:14]} 46. Kd5 {[%emt 0:00:16]} Bf2 {[%emt 0:00:09]} 47. g4 {[%emt 0:00:25]} b2 {[%emt 0:00:14]} 48. Rxb2 {[%emt 0:00:18]} Rxa7 {[%emt 0:00:01]} 49. Rxa7 {[%emt 0:00:00]} Bxa7 {[%emt 0:00:01]} 50. Kd6 {[%emt 0:00:23]} Be3 {[%emt 0:00:17]} 51. Ke7 {[%emt 0:00:12]} Bg5+ {[%emt 0:00:12]} 52. Ke8 {[%emt 0:00:02]} f5 {[%emt 0:00:33]} 53. Rb7+ {[%emt 0:00:05]} Kh6 {[%emt 0:00:53]} 54. gxf5 {[%emt 0:00:20]} gxf5 {[%emt 0:00:02]} 55. Kf7 {[%emt 0:00:05]} Bf4 {[%emt 0:00:03]} 56. h3 {[%emt 0:00:08]} Kg5 {[%emt 0:00:04]} 57. Ke6 {[%emt 0:00:09]} h5 {[%emt 0:00:20]} 58. Rb4 {[%emt 0:00:24]} Bg3 {[%emt 0:00:13]} 59. Rb5 {[%emt 0:00:13]} Kh4 {[%emt 0:00:04]} 60. Kxf5 {[%emt 0:00:04]} Kxh3 {[%emt 0:00:03]} 61. Rb2 {[%emt 0:00:04]} Bd6 {[%emt 0:00:22]} 62. Rd2 {[%emt 0:00:06]} Bb8 {[%emt 0:00:10]} 63. Rd3+ {[%emt 0:00:06]} Kg2 {[%emt 0:00:05]} 64. Kg5 {[%emt 0:00:03]} Ba7 {[%emt 0:00:07]} 65. Kxh5 {[%emt 0:00:01]} Bb6 {[%emt 0:00:05]} 66. Rb3 {[%emt 0:00:01]} Ba7 {[%emt 0:00:03]} 67. Kg4 {[%emt 0:00:01]} Kh1 {[%emt 0:00:08]} 68. Rh3+ {[%emt 0:00:01]} Kg2 {[%emt 0:00:03]} 69. Rg3+ {[%emt 0:00:01]} Kh1 {[%emt 0:00:05]} 70. Kf3 {[%emt 0:00:12]} Bg1 {[%emt 0:00:11]} 71. Rh3+ {[%emt 0:00:05]} Bh2 {[%emt 0:00:01]} 72. Rh7 {[%emt 0:00:02]} Kg1 {[%emt 0:00:02]} 73. Rd7 {[%emt 0:00:45]} Kh1 {[%emt 0:00:01]} 74. Rd2 {[%emt 0:00:21]} Bg1 {[%emt 0:00:09]} 75. Rd5 {[%emt 0:00:09]} Bh2 {[%emt 0:00:07]} 76. Kf2 {[%emt 0:00:01]} Bg1+ {[%emt 0:00:06]} 77. Kf1 {[%emt 0:00:03]} Bh2 {[%emt 0:00:07]} 78. Rd1 {[%emt 0:00:07]} Bg1 {[%emt 0:00:09]} 79. Ke2 {[%emt 0:00:07]} Kg2 {[%emt 0:00:02]} 80. Rd7 {[%emt 0:00:04]} Bh2 {[%emt 0:00:06]} 81. Rg7+ {[%emt 0:00:03]} Kh1 {[%emt 0:00:02]} 82. Kf3 {[%emt 0:00:08]} Bg1 {[%emt 0:00:10]} 83. Rh7+ {[%emt 0:00:09]} Bh2 {[%emt 0:00:02]} 84. Kg4 {[%emt 0:00:06]} Kg2 {[%emt 0:00:04]} 85. Rb7 {[%emt 0:00:01]} Bg1 {[%emt 0:00:03]} 86. Kf4 {[%emt 0:00:06]} Bh2+ {[%emt 0:00:04]} 87. Ke4 {[%emt 0:00:02]} Bg1 {[%emt 0:00:13]} 88. Rg7+ {[%emt 0:00:06]} Kh1 {[%emt 0:00:01]} 89. Kf3 {[%emt 0:00:15]} Bh2 {[%emt 0:00:09]} 90. Kf2 {[%emt 0:00:01]} Be5 {[%emt 0:00:09]} 91. Rg1+ {[%emt 0:00:02]} Kh2 {[%emt 0:00:14]} 92. Rg5 {[%emt 0:00:04]} Bd4+ {[%emt 0:00:00]} 93. Kf3 {[%emt 0:00:12]} Bb6 {[%emt 0:00:26]} 94. Rb5 {[%emt 0:00:19]} Bd4 {[%emt 0:00:33]} 95. Rb4 {[%emt 0:00:02]} Bc5 {[%emt 0:00:18]} 96. Rc4 {[%emt 0:00:31]} Ba7 {[%emt 0:00:08]} 97. Rc1 {[%emt 0:00:11]} Bg1 {[%emt 0:00:06]} 98. Ke2 {[%emt 0:00:21]} Kg2 {[%emt 0:00:04]} 99. Rc6 {[%emt 0:00:01]} Bh2 {[%emt 0:00:04]} 100. Rg6+ {[%emt 0:00:01]} Kh1 {[%emt 0:00:01]} 101. Rh6 {[%emt 0:00:01]} Kg2 {[%emt 0:00:04]} 102. Rxh2+ {[%emt 0:00:02]} Kxh2 {[%emt 0:00:02]} 1/2-1/2

[Event "Dvorkovich Memorial Rapid 2018"]
[Site "Taganrog"]
[Date "2018.01.13"]
[Round "3.23"]
[White "Vdovin, Maxim"]
[Black "Bykov, Egor"]
[Result "0-1"]
[WhiteElo "2151"]
[BlackElo "2346"]
[Annotator "NA"]
[PlyCount "47"]
[EventDate "2018.??.??"]
[EventType "swiss"]
[EventCountry "RUS"]
[SourceTitle "playchess.com"]
[Source "ChessBase"]
[SourceQuality "1"]
[TimeControl "900+10"]

1. d4 {[%emt 0:00:00]} Nf6 {[%emt 0:00:10]} 2. Nf3 {[%emt 0:00:02]} e6 {[%emt 0:00:04]} 3. c4 {[%emt 0:00:00]} b6 {[%emt 0:00:06]} 4. g3 {[%emt 0:00:01]} Ba6 {[%emt 0:00:02]} 5. b3 {[%emt 0:00:07]} Bb4+ {[%emt 0:00:03]} 6. Bd2 {[%emt 0:00:02]} Be7 {[%emt 0:00:00]} 7. Bg2 {[%emt 0:00:02]} c6 {[%emt 0:00:02]} 8. Nc3 {[%emt 0:00:05]} d5 {[%emt 0:00:09]} 9. cxd5 {[%emt 0:02:11]} cxd5 {[%emt 0:00:10]} 10. O-O {[%emt 0:00:06]} Nc6 {[%emt 0:00:47]} 11. Rc1 {[%emt 0:01:04]} Rc8 {[%emt 0:00:34]} 12. Qc2 {[%emt 0:03:42]} Ba3 {[%emt 0:01:35]} 13. Rce1 {[%emt 0:00:26]} Ne4 {[%emt 0:02:34]} 14. Nxe4 {[%emt 0:04:38]} Nxd4 {[%emt 0:00:04]} 15. Qb1 {[%emt 0:00:58]} Nxf3+ {[%emt 0:00:45]} 16. Bxf3 {[%emt 0:00:25]} dxe4 {[%emt 0:00:07]} 17. Qxe4 {[%emt 0:00:04]} O-O {[%emt 0:04:26]} 18. Rd1 {[%emt 0:00:13]} Qe8 {[%emt 0:01:15]} 19. Bf4 {[%emt 0:02:02]} Qb5 {[%emt 0:01:00]} 20. Bd6 {[%emt 0:01:03]} Bxd6 {[%emt 0:00:07]} 21. Rxd6 {[%emt 0:00:00]} Qa5 {[%emt 0:00:43]} 22. Rd7 {[%emt 0:00:41]} Bb5 {[%emt 0:00:04]} 23. Re7 {[%emt 0:00:27]} Bc6 {[%emt 0:00:32]} 24. Qf4 {[%emt 0:00:21]} 0-1

[Event "Dvorkovich Memorial Rapid 2018"]
[Site "Taganrog"]
[Date "2018.01.13"]
[Round "3.24"]
[White "Musalov, Ruslan"]
[Black "Krivochkin, Ilya"]
[Result "1-0"]
[WhiteElo "2338"]
[BlackElo "2046"]
[Annotator "NA"]
[PlyCount "103"]
[EventDate "2018.??.??"]
[EventType "swiss"]
[EventCountry "RUS"]
[SourceTitle "playchess.com"]
[Source "ChessBase"]
[SourceQuality "1"]
[TimeControl "900+10"]

1. Nf3 {[%emt 0:02:26]} d5 {[%emt 0:00:01]} 2. e3 {[%emt 0:00:14]} Bf5 {[%emt 0:00:19]} 3. b3 {[%emt 0:00:11]} Nf6 {[%emt 0:00:08]} 4. Bb2 {[%emt 0:00:02]} e6 {[%emt 0:00:05]} 5. Be2 {[%emt 0:00:37]} Bd6 {[%emt 0:00:18]} 6. O-O {[%emt 0:00:27]} Nbd7 {[%emt 0:00:00]} 7. c4 {[%emt 0:00:00]} c6 {[%emt 0:00:03]} 8. d4 {[%emt 0:00:17]} Ne4 {[%emt 0:00:08]} 9. Nc3 {[%emt 0:00:21]} Qf6 {[%emt 0:00:19]} 10. Nd2 {[%emt 0:00:45]} Qh6 {[%emt 0:00:35]} 11. f4 {[%emt 0:00:23]} Ndf6 {[%emt 0:01:58]} 12. Ncxe4 {[%emt 0:01:04]} dxe4 {[%emt 0:03:41]} 13. Rf2 {[%emt 0:03:36]} g5 {[%emt 0:02:26]} 14. Nf1 {[%emt 0:02:36]} gxf4 {[%emt 0:00:46]} 15. exf4 {[%emt 0:00:00]} Rg8 {[%emt 0:03:01]} 16. Qd2 {[%emt 0:02:13]} O-O-O {[%emt 0:02:31]} 17. b4 {[%emt 0:01:40]} Bg4 {[%emt 0:00:27]} 18. c5 {[%emt 0:00:41]} Bxe2 {[%emt 0:00:52]} 19. Qxe2 {[%emt 0:00:19]} Bxf4 {[%emt 0:00:09]} 20. b5 {[%emt 0:00:00]} Ng4 {[%emt 0:00:26]} 21. Rxf4 {[%emt 0:00:17]} Qxf4 {[%emt 0:00:00]} 22. bxc6 {[%emt 0:00:05]} bxc6 {[%emt 0:00:07]} 23. Qa6+ {[%emt 0:00:12]} Kd7 {[%emt 0:00:05]} 24. Qxa7+ {[%emt 0:00:02]} Qc7 {[%emt 0:00:18]} 25. Qa3 {[%emt 0:00:19]} Rg6 {[%emt 0:00:12]} 26. h3 {[%emt 0:00:19]} Nf6 {[%emt 0:00:07]} 27. Re1 {[%emt 0:00:08]} Rdg8 {[%emt 0:00:14]} 28. Re2 {[%emt 0:00:03]} Nd5 {[%emt 0:00:04]} 29. Rf2 {[%emt 0:00:03]} f5 {[%emt 0:00:13]} 30. g4 {[%emt 0:00:01]} h5 {[%emt 0:00:09]} 31. Rg2 {[%emt 0:00:25]} hxg4 {[%emt 0:00:02]} 32. h4 {[%emt 0:00:03]} Nf4 {[%emt 0:00:16]} 33. Qe3 {[%emt 0:00:06]} Nxg2 {[%emt 0:00:03]} 34. Kxg2 {[%emt 0:00:10]} g3 {[%emt 0:00:29]} 35. Bc1 {[%emt 0:00:00]} Rg4 {[%emt 0:00:05]} 36. h5 {[%emt 0:00:26]} Qd8 {[%emt 0:00:08]} 37. Qb3 {[%emt 0:00:22]} Ke7 {[%emt 0:00:10]} 38. Ne3 {[%emt 0:00:00]} Rh4 {[%emt 0:00:17]} 39. d5 {[%emt 0:00:21]} Rh2+ {[%emt 0:00:10]} 40. Kg1 {[%emt 0:00:00]} Qa5 {[%emt 0:00:14]} 41. Qb7+ {[%emt 0:00:15]} Ke8 {[%emt 0:00:00]} 42. Qxc6+ {[%emt 0:00:05]} Kf8 {[%emt 0:00:09]} 43. Qd6+ {[%emt 0:00:00]} Ke8 {[%emt 0:00:11]} 44. Qxe6+ {[%emt 0:00:10]} Kd8 {[%emt 0:00:11]} 45. Qxg8+ {[%emt 0:00:00]} Kc7 {[%emt 0:00:05]} 46. Qxg3+ {[%emt 0:00:08]} Kc8 {[%emt 0:00:09]} 47. Kxh2 {[%emt 0:00:07]} Qxc5 {[%emt 0:00:03]} 48. Bb2 {[%emt 0:00:18]} Qa5 {[%emt 0:00:06]} 49. Be5 {[%emt 0:00:13]} Qxa2+ {[%emt 0:00:03]} 50. Kh3 {[%emt 0:00:04]} Qe2 {[%emt 0:00:06]} 51. Kh4 {[%emt 0:00:16]} Qd3 {[%emt 0:00:19]} 52. h6 {[%emt 0:00:13]} 1-0

[Event "Dvorkovich Memorial Rapid 2018"]
[Site "Taganrog"]
[Date "2018.01.13"]
[Round "3.25"]
[White "Lystsov, Leonid"]
[Black "Kornyukov, Alexey"]
[Result "0-1"]
[WhiteElo "1875"]
[BlackElo "2452"]
[Annotator "TA"]
[PlyCount "76"]
[EventDate "2018.??.??"]
[EventType "swiss"]
[EventCountry "RUS"]
[SourceTitle "playchess.com"]
[Source "ChessBase"]
[SourceQuality "1"]

{[%evp 9,76,-24,-12,-25,-23,-19,-4,-7,0,-32,5,4,19,-24,-14,-18,-8,-21,-12,-64,-64,-105,-77,-127,-119,-141,-137,-144,-37,-187,-185,-200,-177,-173,-174,-203,-35,-39,-5,-139,-138,-213,-218,-271,-262,-271,-259,-270,-237,-229,-229,-181,-121,-262,-241,-527,-524,-500,-521,-521,-519,-502,-489,-506,-458,-447,-435,-29973,-29974]} 1. Nf3 d5 2. g3 c5 3. Bg2 Nc6 4. O-O e5 5. d3 f6 6. Nc3 {A08: King's Indian Attack} (6. c4 d4 7. e3 dxe3 8. Bxe3 Bd6 9. Nc3 Nge7 10. Ne4 b6 11. b4 cxb4 12. d4 Bf5 13. dxe5 Bxe4 14. exd6 {1-0 (28) Bacrot,E (2720)-Naiditsch,A (2705) Dubai 2014}) 6... Nge7 7. a3 Bg4 $146 ({Find the theoretical novelty and annotate with similar games:} 7... Be6 8. Rb1 Qd7 9. b4 cxb4 10. axb4 Bh3 11. Bxh3 Qxh3 12. e4 d4 13. Na4 Nc8 {1-0 (42) Shoker,S (2490)-Soozankar,A (2223) Al Ain 2012}) 8. Rb1 {The position is equal.} Rc8 9. b4 cxb4 10. axb4 d4 11. Ne4 Nd5 $36 {[%mdl 2048] Black fights for an advantage.} 12. b5 Ncb4 13. Bd2 Qd7 14. Ra1 ({Better is} 14. Rb2 $11) 14... b6 $15 15. Ne1 Be7 16. Bf3 Bxf3 17. Nxf3 O-O ({Don't do} 17... Rxc2 18. Bxb4 Nxb4 19. Ra4 $15) 18. Bxb4 Nxb4 ({Black should try} 18... Bxb4 $17 19. Qb1 Rce8) 19. c3 (19. Qb1 $15) 19... dxc3 $19 20. Qb3+ Qd5 21. Qxd5+ Nxd5 22. Rxa7 c2 $2 (22... f5 $19 23. Nxc3 Rxc3 24. Nxe5 Re8) 23. Rc1 $15 Bb4 {White must now prevent ...f5.} 24. Ra2 (24. g4 $1 $11 {was the only way to keep the balance.}) 24... f5 $17 25. Neg5 (25. Ned2 $17 {might work better.} e4 26. dxe4 fxe4 27. Nxe4) 25... Nc3 $19 26. Raxc2 {[#]} Nxe2+ $1 {[%mdl 512]} 27. Rxe2 Rxc1+ 28. Kg2 h6 29. Ne6 Re8 30. Rxe5 Kf7 (30... Bd6 $19 31. Re3 g6) 31. Nfd4 (31. Ned4 $17) 31... g6 32. Rd5 $2 (32. Re3 {was necessary.}) 32... Rxe6 33. Nxe6 Kxe6 {KRB-KR} 34. Rd8 Rc5 35. Rh8 Bd2 36. f4 Rxb5 37. Rxh6 Kf6 38. h4 {[#]} (38. Rh8 $19) 38... Kg7 {Precision: White = 24%, Black = 49%.} 0-1

[Event "Dvorkovich Memorial Rapid 2018"]
[Site "Taganrog"]
[Date "2018.01.14"]
[Round "3.26"]
[White "Tsoi, Dmitry"]
[Black "Chan, Naruna"]
[Result "1-0"]
[WhiteElo "2371"]
[BlackElo "1929"]
[Annotator "ChessBase"]
[PlyCount "81"]
[EventDate "2018.??.??"]
[EventType "swiss"]
[EventCountry "RUS"]
[SourceTitle "playchess.com"]
[Source "ChessBase"]
[SourceQuality "1"]
[TimeControl "900+10"]

1. e4 {[%emt 0:00:00]} c5 {[%emt 0:00:00]} 2. Be2 {[%emt 0:00:00]} Nc6 {[%emt 0:00:00]} 3. f4 {[%emt 0:00:00]} e5 {[%emt 0:02:02]} 4. d3 {[%emt 0:00:01]} exf4 {[%emt 0:00:05]} 5. Bxf4 {[%emt 0:00:18]} d6 {[%emt 0:00:58]} 6. Nf3 {[%emt 0:00:08]} Be7 {[%emt 0:00:23]} 7. O-O {[%emt 0:00:07]} Nf6 {[%emt 0:00:01]} 8. Qe1 {[%emt 0:00:03]} O-O {[%emt 0:00:43]} 9. c4 {[%emt 0:00:12]} Ng4 {[%emt 0:03:15]} 10. Nc3 {[%emt 0:00:09]} Nge5 {[%emt 0:00:36]} 11. Bxe5 {[%emt 0:00:07]} Nxe5 {[%emt 0:00:53]} 12. Nxe5 {[%emt 0:00:12]} dxe5 {[%emt 0:00:01]} 13. Nd5 {[%emt 0:00:00]} Bh4 {[%emt 0:01:43]} 14. Qd1 {[%emt 0:00:15]} f5 {[%emt 0:01:30]} 15. exf5 {[%emt 0:00:11]} Bxf5 {[%emt 0:00:30]} 16. Bg4 {[%emt 0:00:11]} Bg6 {[%emt 0:00:14]} 17. Bf3 {[%emt 0:00:47]} Kh8 {[%emt 0:00:31]} 18. Be4 {[%emt 0:00:14]} Qg5 {[%emt 0:01:21]} 19. Bxg6 {[%emt 0:00:14]} Qxg6 {[%emt 0:00:00]} 20. Qe2 {[%emt 0:00:02]} Bf6 {[%emt 0:01:52]} 21. Qe4 {[%emt 0:00:00]} Qxe4 {[%emt 0:00:13]} 22. dxe4 {[%emt 0:00:00]} a6 {[%emt 0:00:36]} 23. a4 {[%emt 0:00:14]} Rab8 {[%emt 0:00:07]} 24. Rf3 {[%emt 0:00:15]} Kg8 {[%emt 0:00:41]} 25. Rb3 {[%emt 0:00:19]} Bd8 {[%emt 0:00:35]} 26. Rf1 {[%emt 0:00:15]} Rxf1+ {[%emt 0:00:12]} 27. Kxf1 {[%emt 0:00:03]} Kf7 {[%emt 0:00:04]} 28. Ke2 {[%emt 0:00:01]} Ke6 {[%emt 0:00:02]} 29. Kd1 {[%emt 0:00:35]} Ba5 {[%emt 0:00:16]} 30. Kc2 {[%emt 0:00:50]} h6 {[%emt 0:00:27]} 31. h4 {[%emt 0:01:13]} Rf8 {[%emt 0:00:05]} 32. Rxb7 {[%emt 0:00:04]} Rf2+ {[%emt 0:00:11]} 33. Kb3 {[%emt 0:00:02]} Rxg2 {[%emt 0:00:03]} 34. Re7+ {[%emt 0:00:10]} Kd6 {[%emt 0:00:00]} 35. Ra7 {[%emt 0:00:01]} Be1 {[%emt 0:00:01]} 36. Rxa6+ {[%emt 0:00:18]} Kd7 {[%emt 0:00:01]} 37. h5 {[%emt 0:00:04]} Rg5 {[%emt 0:00:30]} 38. Ra7+ {[%emt 0:00:25]} Kd8 {[%emt 0:00:12]} 39. a5 {[%emt 0:00:03]} Rxh5 {[%emt 0:00:19]} 40. a6 {[%emt 0:00:02]} g5 {[%emt 0:00:13]} 41. Rh7 {[%emt 0:00:09]} 1-0